000 00601nam a2200241Ia 4500
003 OSt
005 20220924144826.0
006 a|||||r|||| 00| 0
007 ta
008 220923b |||||||| |||| 00| 0 urd d
020 _c2.8
024 _a322242
037 _cTextual
040 _aARTS
_cARTS
_burd
041 _2urd
_aurd
082 _aT.2,e4, 168K5
100 _aTayeb Mohammad Au.
_9218520
245 0 _aDarul uloom devband
260 _c1965
650 _aHIGHER EDUCATION
942 _hT.2,e4, 168K5
_cTEXL
_2CC
999 _c458387
_d458387